Every city in American Truck Simulator - Statistics

General Stats
  • This quiz has been taken 58 times
  • The average score is 124 of 205
Answer Stats
State City % Correct
California Los Angeles
95%
California San Francisco
95%
Washington Seattle
95%
Nevada Las Vegas
92%
Utah Salt Lake City
92%
California San DIego
92%
Texas Dallas
89%
Texas Fort Worth
89%
Oregon Portland
89%
Washington Tacoma
89%
California Bakersfield
86%
Idaho Boise
86%
Nevada Carson CIty
86%
California Fresno
86%
Texas Houston
86%
Oklahoma Oklahoma City
86%
Arizona Phoenix
86%
Nevada Reno
86%
California Sacramento
86%
Oregon Salem
86%
Arizona Tucson
86%
New Mexico Albuquerque
84%
Colorado Denver
84%
Nevada Elko
84%
Texas El Paso
84%
Oregon Eugene
84%
Montana Helena
84%
Washington Olympia
84%
Texas San Antonio
84%
New Mexico Santa Fe
84%
Kansas Wichita
84%
Texas Austin
81%
California | New Mexico Carlsbad
81%
Wyoming Cheyenne
81%
Arizona Flagstaff
81%
Montana Great Falls
81%
Texas Laredo
81%
California Oakland
81%
Washington Spokane
81%
Oklahoma Tulsa
81%
Arizona Yuma
81%
Oregon Bend
78%
Colorado Colorado Springs
78%
New Mexico Las Cruces
78%
Utah Ogden
78%
California Stockton
78%
Kansas Topeka
78%
California Truckee
78%
Idaho Twin Falls
78%
Texas Wichita Falls
78%
Washington Aberdeen
76%
Texas Amarillo
76%
California Barstow
76%
Texas Brownsville
76%
Oregon Burns
76%
Idaho Coeur d'Alene
76%
Texas Corpus Christi
76%
Nevada Ely
76%
Wyoming Jackson
76%
Wyoming Laramie
76%
Texas Lubbock
76%
Utah Provo
76%
Colorado Pueblo
76%
California Redding
76%
New Mexico Roswell
76%
Utah St. George
76%
Texas Texarkana
76%
Washington Vancouver
76%
Texas Waco
76%
Texas Beaumont
73%
New Mexico Farmington
73%
Texas Galveston
73%
Texas McAllen
73%
Utah Moab
73%
California Oakdale
73%
Texas Odessa
73%
Arizona Page
73%
New Mexico Raton
73%
New Mexico Socorro
73%
Oregon The Dalles
73%
California Ukiah
73%
Washington Yakima
73%
New Mexico Alamogordo
70%
New Mexico Artesia
70%
Oregon Astoria
70%
Utah Cedar City
70%
New Mexico Clovis
70%
New Mexico Hobbs
70%
California Huron
70%
Nevada Tonopah
70%
Texas Victoria
70%
Texas Abilene
68%
Texas Del Rio
68%
Oklahoma Guymon
68%
Montana Havre
68%
Arizona Holbrook
68%
Texas Junction
68%
Texas | Washington Longview
68%
Texas Tyler
68%
Wyoming Cody
65%
Oregon Coos Bay
65%
Texas Dalhart
65%
Arizona Ehrenberg
65%
Colorado Fort Collins
65%
Arizona Grand Canyon Village
65%
Nevada Jackpot
65%
Kansas Kansas City
65%
Oregon Klamath Falls
65%
Oklahoma Lawton
65%
Texas Lufkin
65%
Oklahoma McAlester
65%
Oregon Ontario
65%
Kansas | Utah Salina
65%
Arizona San Simon
65%
Arizona Sierra Vista
65%
New Mexico Tucumcari
65%
Washington Grand Coulee
62%
Texas Huntsville
62%
Washington Kennewick
62%
Texas San Angelo
62%
Nevada Winnemucca
62%
Oklahoma Ardmore
59%
Montana Billings
59%
California El Centro
59%
Oklahoma Enid
59%
Texas Fort Stockton
59%
Oregon Medford
59%
Nevada Pioche
59%
Nevada Primm
59%
Arizona Camp Verde
57%
Wyoming Casper
57%
California Eureka
57%
New Mexico Gallup
57%
Idaho Lewiston
57%
Idaho Pocatello
57%
California Santa Maria
57%
Utah Vernal
57%
Arizona Clifton
54%
Kansas Hays
54%
Arizona Kingman
54%
Idaho Nampa
54%
Arizona Nogales
54%
California Santa Cruz
54%
Arizona Show Low
54%
Texas Van Horn
54%
Oklahoma Clinton
51%
Kansas Dodge CIty
51%
Colorado Durango
51%
California Hilt
51%
Idaho Idaho Falla
51%
Arizona Kayenta
51%
Oregon Newport
51%
California Oxnard
51%
Colorado Rangely
51%
Oregon Lakeview
49%
Kansas Pittsburg
49%
Montana Lewistown
46%
Utah Logan
46%
Kansas Marysville
46%
Idaho Sandpoint
46%
Kansas Phillipsburg
43%
Washington Port Angeles
43%
Utah Price
43%
Washington Everett
41%
Oklahoma Idabel
41%
Oklahoma Woodward
41%
Washington Colville
38%
Montana Butte
32%
Oregon Pendleton
32%
Washington Wenatchee
30%
Washington Bellingham
24%
Montana Bozeman
24%
Wyoming Gillette
22%
Idaho Ketchum
22%
Montana Missoula
22%
Idaho Salmon
22%
Colorado Alamosa
19%
Kansas Garden CIty
19%
Montana Glasgow
19%
Colorado Grand Junction
19%
Idaho Grangeville
19%
Montana Kalispell
19%
Colorado Lamar
19%
Wyoming Sheridan
19%
Colorado Steamboat Springs
19%
Wyoming Evanston
16%
Montana Laurel
16%
Colorado Montrose
16%
Washington Omak
16%
Wyoming Riverton
16%
Wyoming Rock Springs
16%
Montana Sidney
16%
Colorado Sterling
16%
Montana Thompson Falls
16%
Kansas Colby
14%
Montana Glendive
14%
Colorado Burlington
11%
Kansas Emporia
11%
Montana Miles City
11%
Wyoming Rawlins
11%
Kansas Hutchinson
8%
Kansas Junction City
8%
No matching quizzes found
Score Distribution
Percent of People with Each Score
Percentile by Number Answered
Your Score History
You have not taken this quiz